LEADER 01033nam0-2200349li-450 001 990000252570203316 005 20180312154722.0 035 $a0025257 035 $aUSA010025257 035 $a(ALEPH)000025257USA01 035 $a0025257 100 $a200199511027--------y0itay0103----ba 101 0 $aeng 102 $aUS 200 1 $aFoundations of probability$fAlfred Rényi 210 $aSan Francisco [etc.]$cHolden-Day,copyr. 1970 215 $aXIII, 366 p.$cill.$d24 cm 610 1 $aprobabilita' 676 $a5192$9Probabilità 700 1$aRènyi,$bAlfréd$0424543 801 $aSistema bibliotecario di Ateneo dell' Università di Salerno$gRICA 912 $a990000252570203316 951 $a519.2 REN$b17738/CBS$c519.2 959 $aBK 969 $aSCI 979 $c19951102 979 $c20001110$lUSA01$h1715 979 $c20020403$lUSA01$h1633 979 $aPATRY$b90$c20040406$lUSA01$h1618 979 $aRSIAV6$b90$c20090527$lUSA01$h1013 996 $aFoundations of Probability$9340699 997 $aUNISA LEADER 01708nam 2200481Ia 450 001 9910700760003321 005 20110802115728.0 035 $a(CKB)5470000002411406 035 $a(OCoLC)744424123 035 $a(EXLCZ)995470000002411406 100 $a20110802d2011 ua 0 101 0 $aeng 135 $aurcn||||||||| 181 $ctxt$2rdacontent 182 $cc$2rdamedia 183 $acr$2rdacarrier 200 00$aEquivalent longitudinal area distributions of the B-58 and XB-70-1 airplanes for use in wave drag and sonic boom calculations$b[electronic resource] /$fAna F. Tinetti ... [and others] 210 1$aHampton, Va. :$cNational Aeronautics and Space Administration, Langley Research Center,$d[2011] 215 $a1 online resource (29 pages) $cillustrations 225 1 $aNASA/CR ;$v2011-217078 300 $aTitle from title screen (viewed on Aug. 2, 2011). 300 $a"March 2011." 320 $aIncludes bibliographical references (pages 11-12). 606 $aWave drag$2nasat 606 $aSonic booms$2nasat 606 $aB-58 aircraft$2nasat 606 $aDelta wings$2nasat 606 $aDrag measurement$2nasat 606 $aMach number$2nasat 615 7$aWave drag. 615 7$aSonic booms. 615 7$aB-58 aircraft. 615 7$aDelta wings. 615 7$aDrag measurement. 615 7$aMach number. 701 $aTinetti$b Ana F$01395871 712 02$aLangley Research Center. 801 0$bGPO 801 1$bGPO 906 $aBOOK 912 $a9910700760003321 996 $aEquivalent longitudinal area distributions of the B-58 and XB-70-1 airplanes for use in wave drag and sonic boom calculations$93455053 997 $aUNINA LEADER 03058oas 2201177 a 450 001 9910333130503321 005 20260106110407.0 011 $a1872-7921 035 $a(DE-599)ZDB1468341-6 035 $a(DE-599)1468341-6 035 $a(OCoLC)38524874 035 $a(CONSER) 2002238493 035 $a(CKB)954925382047 035 $ahttps://learn360.infobase.com/titles/194490?aid= 035 $ahttps://learn360.infobase.com/titles/118733?aid= 035 $a(EXLCZ)99954925382047 100 $a19980227a19709999 sy a 101 0 $aeng 135 $aurcn||||||||| 181 $ctxt$2rdacontent 182 $cc$2rdamedia 183 $acr$2rdacarrier 200 10$aArtificial intelligence 210 $a[Amsterdam] $cElsevier Science BV 215 $a1 online resource 300 $aRefereed/Peer-reviewed 311 08$a0004-3702 606 $aArtificial intelligence$vPeriodicals 606 $aAutomation 606 $aComputer-assisted instruction 606 $aAutomation 606 $aComputer-Assisted Instruction 606 $aAutomation$vPeriodicals 606 $aComputer-Assisted Instruction$vPeriodicals 606 $aIntelligence artificielle$vPe?riodiques 606 $aAutomatisation 606 $aEnseignement assiste? par ordinateur 606 $aautomation$2aat 606 $aComputer-assisted instruction$2fast$3(OCoLC)fst00872725 606 $aAutomation$2fast$3(OCoLC)fst00822786 606 $aArtificial intelligence$2fast$3(OCoLC)fst00817247 608 $aPeriodicals.$2fast 615 0$aArtificial intelligence 615 0$aAutomation. 615 0$aComputer-assisted instruction. 615 2$aAutomation. 615 2$aComputer-Assisted Instruction. 615 2$aAutomation 615 2$aComputer-Assisted Instruction 615 6$aIntelligence artificielle 615 6$aAutomatisation. 615 6$aEnseignement assiste? par ordinateur. 615 7$aautomation. 615 7$aComputer-assisted instruction. 615 7$aAutomation. 615 7$aArtificial intelligence. 801 0$bOH1 801 1$bOH1 801 2$bOCL 801 2$bOCLCQ 801 2$bIUL 801 2$bOCLCQ 801 2$bOCLCS 801 2$bOCLCQ 801 2$bGUA 801 2$bOCLCQ 801 2$bOCLCO 801 2$bOCLCQ 801 2$bOCLCF 801 2$bOCLCO 801 2$bSCB 801 2$bOCLCQ 801 2$bOCLCO 801 2$bOCLCQ 801 2$bU3W 801 2$bOCLCO 801 2$bEZC 801 2$bAU@ 801 2$bOCLCO 801 2$bWYU 801 2$bUKMGB 801 2$bUMC 801 2$bVT2 801 2$bOCLCO 801 2$bOCLCA 801 2$bSFB 801 2$bCNMTR 801 2$bOCLCA 801 2$bFUG 801 2$bOCLCA 801 2$bVLY 801 2$bQGK 801 2$bOCLCO 801 2$bOCLCQ 801 2$bOCL 801 2$bUAB 801 2$bOCLCQ 906 $aJOURNAL 912 $a9910333130503321 996 $aArtificial intelligence$9104454 997 $aUNINA